00274nam a22000977a 4500008004100000082001700041100002100058245007400079260001500153300000800168230629b xxu||||| |||| 00| 0 eng d a333.736bODU cD.C. Edwards Bsc aReport on the Grazing Areas of the Northern Frontier Distict of Kenya aKenyabGOK a52p